000 00619nam a2200181Ia 4500
008 090123s9999 xx 000 0 und d
082 _b15108
_a891.463/भोसे
100 _aभोसेकर मुरलीधर
245 _aप्रित मधाचे पोळे
250 _a1
260 _bमाधवी प्रकाशन
300 _a159
600 _aभोसेकर मुरलीधर
630 _aप्रित मधाचे पोळे
700 _aभोसेकर मुरलीधर
730 _aप्रित मधाचे पोळे
942 _cBOOK
999 _c53169
_d53169